000 006120000a22002050004500
003 LK-CoMWRAF
005 20230917230517.0
008 230817t1967 ||||| |||| 00| 0 eng d
040 _aLK-CoMWRAF
_dLK-CoMWRAF
_eLK-CoMWRAF
041 _aeng
082 _a297
_bMUH
100 _aMuhammad, Mahmoud Said
245 _aIslam condemns racial discrimination
250 _a3rd Edition
260 _aCairo :
_bThe supreme Ccuncil for Islamic affairs,
_c1967
300 _a67p. : 1 port. ; 20cm.
490 _aStudies in Islam Series - No.7
650 _aRace relations -- Religious aspects -- Islam
942 _cBK
999 _c1941
_d1941